Obálka Náhled e-knihy:
PDF
Pro půjčování e-knih musíte být přihlášeni.
Jak si půjčit online?

Ledové království : 2 nové příběhy /

Dva nové příběhy z Ledového království, ve kterých se Olaf zamiluje do knihy o bájných jednorožcích a společně se Svenem vystrojí královskou slavnost.

Uloženo v:
Série:Ledové království - 2 nové příběhy, část 2
Korporativní autor: Disney Storybook Artists (Ilustrátor)
Další autoři: Vichrová, Petra (Překladatel), Francis, Suzanne., Edwards, John.
Médium: E-kniha
Jazyk:Czech
Vydáno: V Praze : Egmont, 2022
Vydání:První vydání
Edice:Disney. Ledové království
Témata:
Příbuzné jednotky:Z cyklu:: Ledové království - 2 nové příběhy
Tagy:
Žádné tagy
LEADER 02445nam a2200553 i 4500
001 311498
003 CZ PrSKC
005 20260601215706.0
007 ta
008 220204s2022 xr a b 000 j cze
015 |a cnb003394190 
020 |a 9788025251072  |q (vázáno) :  |c Kč 249,00 
035 |a (OCoLC)1310112510 
040 |a ABG001  |b cze  |d ABA001  |e rda 
041 1 |a cze  |h eng 
072 7 |a 821-93  |x Literatura pro děti a mládež (beletrie)  |2 Konspekt 
080 |a 821-32  |2 MRF 
080 |a 821-93  |2 MRF 
080 |a (0:82-32)  |2 MRF 
245 0 0 |a Ledové království :  |b 2 nové příběhy /  |c překlad Petra Vichrová 
250 |a První vydání 
264 1 |a V Praze :  |b Egmont,  |c 2022 
300 |a 48 stran :  |b barevné ilustrace ;  |c 30 cm 
336 |a text  |b txt  |2 rdacontent 
336 |a statický obraz  |b sti  |2 rdacontent 
337 |a bez média  |b n  |2 rdamedia 
338 |a svazek  |b nc  |2 rdacarrier 
490 1 |a Disney. Ledové království 
500 |a Název z obálky 
500 |a Přeloženo z angličtiny 
505 0 0 |t Jednorožec pro Olafa /  |r [Suzanne Francis] --  |t Překvapení na míru /  |r napsal: John Edwards ; ilustrace: Disney Storybook Art Team 
520 2 |a Dva nové příběhy z Ledového království, ve kterých se Olaf zamiluje do knihy o bájných jednorožcích a společně se Svenem vystrojí královskou slavnost. 
521 8 |a Pro děti od 5 let 
655 7 |a příběhy  |7 fd133204  |2 czenas 
655 7 |a publikace pro děti  |7 fd133156  |2 czenas 
655 9 |a stories  |2 eczenas 
655 9 |a children's literature  |2 eczenas 
700 1 |a Vichrová, Petra  |7 ola20181002403  |4 trl 
700 1 2 |a Francis, Suzanne.  |t Unicorn for Olaf.  |l Česky 
700 1 2 |a Edwards, John.  |t Tailor-made surprise.  |l Česky 
710 2 |a Disney Storybook Artists  |7 mzk2009490531  |4 ill 
830 0 |a Disney.  |p Ledové království 
900 |a ABA001  |b 20 
928 9 |a Albatros Media - Egmont 
044 |a xr 
787 0 8 |g 2  |i Z cyklu:  |t Ledové království - 2 nové příběhy 
910 |a RBIT002 
998 |d 345632  |a https://core.palmknihy.cz/api/books/345632/cover?si7bpi  |b https://core.palmknihy.cz/api/books/345632/cover/400?si7bpi  |c https://core.palmknihy.cz/api/books/345632/cover/50?si7bpi  |e 2026-12-31  |g 48  |i 9788025251072  |k https://core.palmknihy.cz/api/books/345632/preview.pdf  |l   |q 49  |r 1  |s https://www.palmknihy.cz/kniha/345632  |t ebook  |y 2022  |z 0  |v Ledové království - 2 nové příběhy  |w 2 
999 |d 311496